Name the random song by the Lyrics - Statistics

General Stats
  • This quiz has been taken 10 times
  • The average score is 2 of 15
Answer Stats
Hint Answer % Correct
And I'm never gonna dance again, guilty feet have got no rhythm Careless Whisper
78%
I'm so 3008, you so 2000 and late Boom Boom Pow
22%
It's like I've been awakened, every rule I had you breakin' Halo
22%
It's not very sensible either, a friend of a friend he got beat up I Predict A Riot
22%
It goes: Reggie, JAY-Z, 2Pac and Biggie André from OutKast, Jada, Kurupt, Nas, and then me Till I Collapse
22%
I bought a new pair of shoes, I got a new attitude when I walk All About Tonight
11%
Mother, lookin' at me, tell me what do you see? All The Things She Said
11%
And the stars fell out of the sky, and the tears rolled into the ocean Black and Gold
11%
Boy, its more than I care to think about Can't Get You out of My Head
11%
You cast a spell on me, spell on me Glad You Came
11%
Lets get open, cause a commotion, We're still going', eight in the mornin' Dirrty
0%
Girl, please, excuse me if I'm coming too strong I Like It
0%
Dirty little lady with the pretty pink thong Something in Your Mouth
0%
Chain reaction runnin' through my veins, pumps the bass line up into my brain Sound of the Underground
0%
Man I swear I love her, how she work the damn pole Trap Queen
0%
No matching quizzes found
Score Distribution
Percent of People with Each Score
Percentile by Number Answered
Your Score History
You have not taken this quiz